LEADER 01043nam 2200217 i 4500 001 991004299137007536 005 20231211103013.0 008 231206t1974 gw erb 00| 0 ger d 020 $a3920385551 040 $aBibl. Dip.le Aggr. Scienze Giuridiche - Sez. Centro Studi sul Rischio$bita 082 74$a331.0943$2ed. 19 100 1 $aRoth, Karl Heinz$0245075 245 14$aDie "andere" Arbeiterbewegung und die Entwicklung der kapitalistischen Repression von 1880 bis zur Gegenwart :$bein Beitrag zum Neuverständnis der Klassengeschichte in Deutschland : mit ausführlicher Dokumentation zur Aufstandsbekämpfung, Werkschutz u.a.$c/ Karl Heinz Roth 264 1$aMünchen :$bTrikont Verlag ;$c1974 300 $a395 p. ;$c21 cm 490 1 $aSchriften zum Klassenkampf. ;$v39 504 $aBibliografia pp. 373-393 650 4$aMovimento operaio$zGermania$xStoria 912 $a991004299137007536 996 $a"andere" Arbeiterbewegung und die Entwicklung der kapitalistischen Repression von 1880 bis zur Gegenwart$93643990 997 $aUNISALENTO